Nitrogen fixation (Record no. 36637)

MARC details
000 -LEADER
fixed length control field 00376nam a2200133Ia 4500
082 ## - DEWEY DECIMAL CLASSIFICATION NUMBER
Classification number 631.461.5
Item number STE;1
100 ## - MAIN ENTRY--AUTHOR NAME
Personal name GALLON, W D P
245 #0 - TITLE STATEMENT
Title Nitrogen fixation
260 ## - PUBLICATION, DISTRIBUTION, ETC. (IMPRINT)
Place of publication London
Name of publisher Academic
Year of publication 1980
490 ## - SERIES STATEMENT
Series statement Proceedings of the phytochemical society of Europe symposium series; 18
700 ## - ADDED ENTRY--PERSONAL NAME
Personal name STEWART
942 ## - ADDED ENTRY ELEMENTS (KOHA)
Koha item type Books
Holdings
Withdrawn status Lost status Damaged status Not for loan Home library Current library Date acquired Full call number Accession Number Koha item type
        RRII Library RRII Library 16/12/2021 631.461.5 STE;1 17040 Books